| 000 | 00705nam a2200205 a 4500 | ||
|---|---|---|---|
| 001 | 20311 | ||
| 003 | CO-ViMGA | ||
| 008 | 141112s2004 ck r 000 u spa d | ||
| 020 | _a9583301183 | ||
| 040 |
_aCO-ViMGA _bspa _cCO-ViMGA |
||
| 082 | 0 | 4 | _a364.157 P373s |
| 100 | 1 |
_aPerez Gomez, Augusto _921270 |
|
| 245 | 1 | 0 |
_aSustancias Psicoactivas : _bHistoria del consumo en Colombia |
| 260 |
_aBogotá : _bTercer Munndo, _c1994 |
||
| 300 | _a275p | ||
| 590 | _aForma de adquisición : Donación Banco de la República - - Precio : 20000 - - Fecha de adquisición : Febrero 2005 | ||
| 650 | 1 | 4 |
_aABUSO DE DROGAS - HISTORIA - COLOMBIA _929337 |
| 650 | 1 | 4 |
_aDROGAS - CONSUMO - COLOMBIA _929338 |
| 942 |
_2ddc _cBK |
||
| 999 |
_c29323 _d29323 |
||